00905nam a2200265 a 450000100100000000500170001000800410002702000150006804000250008308200160010810000370012424501460016126000540030730000210036149000430038256300520042574000160047774000110049374000120050474000180051674000220053474000260055674000140058283000430059600002266720200930021728.0101014s1997 es 001 0 spa d a842398804X aDO-SdBNPbspacBNPHU axxxxbS527W1 aShakespeare, Williamdd1564-161610aEl rey Lear; :bHamlet ; Macbeth ; Mucho ruido y pocas nueces ; Timán de Atenas ; El cuento de invierno ; Cariolano /cWilliam Shakespeare. aMadrid :bEditorial Espasa Calpe,c1997.fHuertas a657 P. ;c22 cm.1 aAntología de la literatura universal aVarias obras empaginadas en páginas continuas2 aEl rey Lear2 aHamlet2 aMacbeth2 aMacbethnueces2 aTimán de Atenas2 aEl cuento de invierno2 aCariolano 0aAntología de la literatura universal